000 00594nam a2200217Ia 4500
008 160621s9999 xx 000 0 und d
020 _a978-981-4272-81-0
050 _aComSc T 58.5
050 _b.R49 2009
100 _aReynolds, George W.
245 _aIntroduction to information systems /
245 _cGeorge W. Reynolds, Ralph M. Stair.
260 _aSingapore :
260 _bCengage Learning Asia Pte Ltd.,
260 _c2009
300 _a464 pages :
300 _billustrations ;
300 _c24 cm.
500 _aIncludes index.
650 _aInformation technology.
999 _c296149
_d296149